Mechanics Of Materials (Record no. 33746)
[ view plain ]
| 000 -LEADER | |
|---|---|
| fixed length control field | 00361nam a22001697a 4500 |
| 003 - CONTROL NUMBER IDENTIFIER | |
| control field | NUST |
| 020 ## - INTERNATIONAL STANDARD BOOK NUMBER | |
| International Standard Book Number | 978-81-315-2474-9 |
| 038 ## - RECORD CONTENT LICENSOR | |
| Staff Name | Khadija |
| 082 ## - DEWEY DECIMAL CLASSIFICATION NUMBER | |
| Classification number | 620.1123 |
| Author Mark | GER |
| 100 ## - MAIN ENTRY--PERSONAL NAME | |
| Personal name | Gere, James M. |
| 9 (RLIN) | 2985 |
| 245 ## - TITLE STATEMENT | |
| Title | Mechanics Of Materials |
| 250 ## - EDITION STATEMENT | |
| Edition statement | 8th |
| 300 ## - PHYSICAL DESCRIPTION | |
| Extent | 1098 p. ; |
| Other physical details | 25 cm. |
| 500 ## - GENERAL NOTE | |
| General note | Paperback. |
| 563 ## - BINDING INFORMATION | |
| Binding note | PB |
| 942 ## - ADDED ENTRY ELEMENTS (KOHA) | |
| Koha item type | Book |
| Source of classification or shelving scheme | |
| Withdrawn status | Lost status | Source of classification or shelving scheme | Damaged status | Not for loan | Permanent Location | Current Location | Shelving location | Date acquired | Total Checkouts | Full call number | Barcode | Date last seen | Date last checked out | Price effective from | Koha item type | Public note |
|---|---|---|---|---|---|---|---|---|---|---|---|---|---|---|---|---|
| School of Mechanical & Manufacturing Engineering (SMME) | School of Mechanical & Manufacturing Engineering (SMME) | General Stacks | 05/12/2016 | 1 | 620.1123 GER | SMME-2965 | 07/01/2024 | 01/12/2024 | 05/12/2016 | Book | Rack,39-Shelf,2 |
